| 000 | 00394cam a2200145 4500 | ||
|---|---|---|---|
| 008 | 100625n 000 0 eng u | ||
| 020 | _a0821369695 | ||
| 035 | _a(Sirsi) a170224 | ||
| 050 | _aWB HJ 8003 2007 | ||
| 245 | _aThe little Data Book on External Debt | ||
| 260 |
_aWashington DC _bThe World Book, _c2007 |
||
| 300 | _avi,152p. | ||
| 650 | _aExternal debt | ||
| 710 | _aThe World Bank | ||
| 999 |
_c114458 _d114458 |
||